عبد الرحمن الناصر / (رقم التسجيلة. 95306)

تفاصيل مارك
000 -LEADER
fixed length control field 00658nam a22002177a 4500
005 - DATE AND TIME OF LATEST TRANSACTION
control field 20251108173051.0
008 - FIXED-LENGTH DATA ELEMENTS--GENERAL INFORMATION
fixed length control field 250721s9999 xx 000 0 ara d
082 14 - DEWEY DECIMAL CLASSIFICATION NUMBER
Classification number ط/922.2/عبد
100 1# - MAIN ENTRY--PERSONAL NAME
Personal name الحاضري، بدر الدين
245 10 - TITLE STATEMENT
Title عبد الرحمن الناصر /
264 1# - PRODUCTION, PUBLICATION, DISTRIBUTION, MANUFACTURE, AND COPYRIGHT NOTICE
Place of production, publication, distribution, manufacture بيروت :
Name of producer, publisher, distributor, manufacturer دار الشرق العربي،
Date of production, publication, distribution, manufacture, or copyright notice (19 ).
300 ## - PHYSICAL DESCRIPTION
Extent 108ص.
490 0# - SERIES STATEMENT
Series statement أعلام خالدون
650 17 - SUBJECT ADDED ENTRY--TOPICAL TERM
Topical term or geographic name as entry element التراجم
650 17 - SUBJECT ADDED ENTRY--TOPICAL TERM
Topical term or geographic name as entry element القادة العسكريون
653 ## - INDEX TERM--UNCONTROLLED
Uncontrolled term ناشئون صغار (10-14 سنة )
700 1# - ADDED ENTRY--PERSONAL NAME
Personal name ناصيف، كامل
700 1# - ADDED ENTRY--PERSONAL NAME
Personal name قجة، محمد
942 ## - ADDED ENTRY ELEMENTS (KOHA)
Source of classification or shelving scheme Dewey Decimal Classification
Koha item type كتب
المقتنيات
حالة السحب حالة الفقدان مصدر التصنيف حالة التلف غير قابل للإعارة المكتبة الرئيسية المكتبة الحالية موقع الرف تاريخ التزويد الرقم المتسلسل Total Checkouts رقم الإستدعاء الباركود تاريخ آخر ظهور تاريخ الفاتورة نوع المادة (كوها)
    Dewey Decimal Classification     مكتبة أم المؤمنين للأطفال مكتبة أم المؤمنين للأطفال الأطفال 28/07/2025 1045497   ط/922.2/عبد 1045497 28/07/2025 28/07/2025 كتب
    Dewey Decimal Classification     مكتبة الجويدة مكتبة الجويدة الأطفال 07/03/2018 1676227   ط/922.2/عبد PLD00419516 28/07/2025 07/03/2018 كتب
Implemented & Customized by: BBB with SCIT (Smart Chains for Information Technology)

Powered by Koha